| 000 | 00403nam a2200157Ia 4500 | ||
|---|---|---|---|
| 008 | 210716s2012 xx 000 0 und d | ||
| 020 | _a9781259004612 | ||
| 041 | _aeng | ||
| 082 | _a005.133 BALE | ||
| 100 | _aBalagurusamy, E. | ||
| 245 | _aProgramming in ansi c. | ||
| 250 | _a6 | ||
| 260 |
_aNew Delhi _bTata Mc Graw Hill Publishing Company _c2012 |
||
| 300 | _axii,558 | ||
| 650 | _aC Programming | ||
| 999 |
_c192903 _d192903 |
||